| 000 | 00671nam a2200205 i 4500 | ||
|---|---|---|---|
| 001 | 189080 | ||
| 003 | ES-MaACL | ||
| 005 | 20230906223355.0 | ||
| 008 | 190327s1946 sp |||| | spa d | ||
| 100 | 1 |
_aJames, Norah C. _965975 |
|
| 245 | 1 | 0 |
_aHospital _b: (hospital) / _cNora C. James ; versión española de Emilia Bertel. |
| 250 | _a1ª ed. | ||
| 260 |
_aBarcelona : _bLuis de Caralt, _c1946. |
||
| 300 |
_a213 p. ; _c18 cm. |
||
| 490 | 1 | _aGrandes novelistas | |
| 700 | 1 |
_aBertel, Emilia. _928431 |
|
| 830 | 0 |
_aGrandes novelistas _9181770 |
|
| 852 |
_aES-MaACL _jL-32252 _z. - Donat. herederos de la bibl. de Mª del Pilar Costa Palacín |
||
| 999 |
_c189080 _d189080 |
||